| 000 | 005080000a22001810004500 | ||
|---|---|---|---|
| 003 | MACL | ||
| 005 | 20160228125013.0 | ||
| 008 | 160228b xxu||||| |||| 00| 0 eng d | ||
| 040 |
_aMACL _cMACL |
||
| 041 | _aHindi | ||
| 082 | _a920 | ||
| 100 |
_aशंकर उमा _941203 |
||
| 245 | _aमेरे पति मेरे देवता | ||
| 260 |
_bग्रन्थ भारती _c1967 _aकानपूर |
||
| 350 | _a8 | ||
| 650 |
_aAuto Biography _914205 |
||
| 942 |
_cHIN _k920 _2ddc |
||
| 999 |
_c25798 _d25798 |
||